000 00768nam a2200193Ia 4500
003 OSt
005 20250909114655.0
008 221004b |||||||| |||| 00| 0 hin d
037 _cTextual
040 _aCRL
_cCRL
_bhin
041 _2hin
_ahin
100 _aशुक्ल, रामलखन
_9820552
245 0 _aआधुनिक भारत का इतिहास
246 _aĀdhunik bhārat kā itihāsa
260 _aदिल्ली
_bविश्वविद्यालय हिन्दी माध्यम कार्यान्वय निदेशालय भारत
_c1997
300 _a924पृ.
_ccm.
942 _hV2.N, 152N7
_cTEXL
_2cc
_n0
999 _c1013580
_d1013580